| 000 | 00653nam a2200193 i 4500 | ||
|---|---|---|---|
| 001 | 36765 | ||
| 003 | ES-MaACL | ||
| 005 | 20231215062946.0 | ||
| 007 | t| | ||
| 008 | 030219s1970 sp af |||| |bspa d | ||
| 100 | 1 |
_aBravo-Villasante, Carmen, _d1918-1994 _931507 |
|
| 245 | 1 | 0 |
_aGaldós visto por sí mismo / _cCarmen Bravo-Villasante. |
| 260 |
_aMadrid : _bMagisterio Español, _c[1970] |
||
| 300 |
_a316 p., 2 lám. : _bil. ; _c18 cm. |
||
| 600 | 1 | 4 |
_aPérez Galdós, Benito, _d1843-1920- _xBiografías _990874 |
| 600 | 1 | 4 |
_aPérez Galdós, Benito, _d1843-1920- _xCrítica e interpretación _990875 |
| 852 |
_aES-MaACL _jC-40338 |
||
| 999 |
_c36765 _d36765 |
||